000 00331nam a22001457a 4500
003 SGT
020 _a978-81-7371-885-4
082 _a629.13634
_bKUM
100 _aKUMAR,R.SRINIVASA
245 _aPAVEMENT DESIGN
260 _aHYDERABAD
_bUNIVERSITY PRESS
_c2013
300 _a348
650 _aCIVIL ENGINEERING
942 _2ddc
_cBK
999 _c14603
_d14603